Dewey decimal classification and relative index / (Record no. 99141)

MARC details
000 -LEADER
fixed length control field 01202cam a2200325 a 4500
008 - FIXED-LENGTH DATA ELEMENTS--GENERAL INFORMATION
fixed length control field
020 ## - INTERNATIONAL STANDARD BOOK NUMBER
International Standard Book Number 0910608385 v.1 (hardback)
020 ## - INTERNATIONAL STANDARD BOOK NUMBER
International Standard Book Number 0910608393 v.2 (hardback)
020 ## - INTERNATIONAL STANDARD BOOK NUMBER
International Standard Book Number 0910608407 v.3 (hardback)
020 ## - INTERNATIONAL STANDARD BOOK NUMBER
International Standard Book Number 0910608415 v.4 (hardback)
049 ## - LOCAL HOLDINGS (OCLC)
Holding library MAIN
090 ## - LOCALLY ASSIGNED LC-TYPE CALL NUMBER (OCLC); LOCAL CALL NUMBER (RLIN)
Classification number (OCLC) (R) ; Classification number, CALL (RLIN) (NR) REF Z694
Local cutter number (OCLC) ; Book number/undivided call number, CALL (RLIN) DEW
003 - CONTROL NUMBER IDENTIFIER
control field
005 - DATE AND TIME OF LATEST TRANSACTION
control field 20230120153124.0
040 ## - CATALOGING SOURCE
Transcribing agency NUST
100 1# - MAIN ENTRY--PERSONAL NAME
Personal name Dewey, Melvil.,
-- author.
245 10 - TITLE STATEMENT
Title Dewey decimal classification and relative index /
Statement of responsibility, etc. devised by Melvil Dewey edited by John P Comaroni ; Julianne Beall ; Winton E Matthews & Gregory R New.
250 ## - EDITION STATEMENT
Edition statement Twentieth edition.
260 ## - PUBLICATION, DISTRIBUTION, ETC.
Place of publication, distribution, etc. Albany, N.Y. :
Name of publisher, distributor, etc. Forest Press, a division of OCLC Online Computer Library Center,
Date of publication, distribution, etc. 1989.
300 ## - PHYSICAL DESCRIPTION
Extent 4 v. ;
Dimensions 24 cm.
505 0# - FORMATTED CONTENTS NOTE
Formatted contents note v. 1. Introduction. Tables -- v. 2-3. Schedules -- v. 4. Relative index. Manual.
650 #0 - SUBJECT ADDED ENTRY--TOPICAL TERM
Topical term or geographic name entry element Classification, Dewey decimal.
700 1# - ADDED ENTRY--PERSONAL NAME
Personal name Comaromi, John P.,
-- editor.
700 ## - ADDED ENTRY--PERSONAL NAME
Personal name Beall, Julianne.,
-- editor.
700 ## - ADDED ENTRY--PERSONAL NAME
Personal name Matthews, Winton E.,
-- editor.
700 ## - ADDED ENTRY--PERSONAL NAME
Personal name New, Gregory R.,
-- editor.
740 0# - ADDED ENTRY--UNCONTROLLED RELATED/ANALYTICAL TITLE
Uncontrolled related/analytical title DDC 20.
907 ## - LOCAL DATA ELEMENT G, LDG (RLIN)
a .b10227313
b 11-01-23
c 26-01-07
942 ## - ADDED ENTRY ELEMENTS (KOHA)
Koha item type Ordinary Loan Books
Call number prefix REF Z694
Call number suffix DEW
Holdings
Date last seen Total Checkouts Full call number Barcode Cost, replacement price Price effective from Koha item type Lost status Source of classification or shelving scheme Damaged status Not for loan Collection Withdrawn status Home library Current library Shelving location Date acquired Cost, normal purchase price
01/20/2023 2 REF Z694 DEW 92004014704 80.00 01/20/2023 3HOUR   LCC     NFIC   MAIN MAIN GEN 01/20/2023 80.00